000 00919nam a2200205 i 4500
001 84566
003 ES-MaACL
005 20250531063029.0
007 t|
008 041123q1953 sp ||||1| spa d
100 1 _aJiménez de Gregorio, Fernando,
_d1911-2012
_966505
245 1 3 _aLa Iglesia y la Parroquia de Belvis de la Jara, lugar del Arcedianato de Talavera /
_cpor Fernando Jiménez de Gregorio.
260 _aToledo :
_bReal Academia de Bellas Artes y Ciencias Históricas de Toledo,
_c[1953?] (
_fImp. Gómez Menor)
300 _a43 p., 2 lám. :
_bil. ;
_c25 cm.
500 _aEs el cuaderno núm. 1.
500 _aEs separata de: Boletín de la Real Academia de Bellas Artes y Ciencias Históricas de Toledo. Años XXVIII-XXIX. Nº 64-65.
710 2 _aReal Academia de Bellas Artes y Ciencias Históricas de Toledo.
_96297
852 _aES-MaACL
_j1951-F-20
_bR.34792
999 _c84566
_d84566